Score 0/57 Timer 06:00
0 Plays Today
Hint 4-Letter Word % Correct
DiscoverFIND
91.7%
Tiered bedBUNK
91.3%
✾ Air current ✾WIND
90.8%
✾ Beaten musical instrument ✾DRUM
89.6%
NourishmentFOOD
88.2%
Bird mouthBEAK
88%
✾ Chilly ✾COLD
87.6%
Having a strong likingFOND
86.7%
NarcoticDRUG
86.2%
Shopping centerMALL
86.1%
Send via postal systemMAIL
85.7%
✾ Order in large quantity ✾BULK
85.6%
Bridal face coveringVEIL
85.4%
Avian appendageWING
85.3%
Distribute playing cardsDEAL
85%
Armstrong, Diamond, or YoungNEIL
84.7%
✾ Golfer's warning ✾FORE
83.7%
Calf fleshVEAL
83.3%
Tenant's paymentRENT
83.2%
✾ The departed ✾DEAD
82.2%
Peruse a bookREAD
82%
✾ Pointed fastener ✾NAIL
80.6%
Lodge in a tentCAMP
79%
✾ Light-giving device ✾LAMP
78.6%
✾ House division ✾ROOM
78.2%
Hollow form (as for Jell-O)MOLD
76.8%
Certain destructionDOOM
76.4%
Rip apartREND
76.2%
✾ Aching ✾SORE
76.2%
Hint 4-Letter Word % Correct
Gangster girlfriendMOLL
74.3%
PortalDOOR
73.9%
Large crucifixROOD
73%
Flutie, Henning, or BrochuDOUG
71.2%
Shallow river crossingFORD
71%
✾ Curl of hair ✾LOCK
70.7%
Free (as in tickets)COMP
69.9%
Asian hardwoodTEAK
69.6%
Ribbed fabricCORD
69.5%
Move nearerCOME
69.4%
Unspecified amount SOME
69.4%
Smoker's water pipeBONG
67.4%
Gloomy appearanceDOUR
66%
Be withoutLACK
65.7%
Cask stopperBUNG
65.3%
✾ Great amount of time ✾LONG
63.4%
TrolleyTRAM
63.4%
1/16 of an ounceDRAM
62.6%
HobblingLAME
62.5%
Fine open fabricLACE
62.2%
Yoked oxen TEAM
60.5%
Cod-like fish (Molva molva)LING
59.5%
Gesture requesting attentionBECK
59%
Strong dark beerBOCK
57.1%
WarmthHEAT
56.1%
✾ Cease activity ✾REST
37.1%
✾✾ COMMON BOND ✾✾HEAD
33.7%
Command (archaic)HEST
29%

Today's Daily Dose

Missing Word
Train Books

Word Ladder
Piano Man

Quick Pick
Google Products

Get the Picture
Moana or Coco

Remove Ads.
Support Sporcle.
Get the best of Sporcle when you Go Orange. This ad-free experience offers more features, more stats, and more fun while also helping to support Sporcle. Thank you for becoming a member.

You're not logged in!

Compare scores with friends on all Sporcle quizzes.
OR
Log In

Show Comments

Extras

Top Quizzes Today


Score Distribution

Your Account Isn't Verified!

In order to create a playlist on Sporcle, you need to verify the email address you used during registration. Go to your Sporcle Settings to finish the process.

Report this User

Report this user for behavior that violates our Community Guidelines.

Details: